000 00792cam a2200241 a 4500
001 000001104
005 20200929145457.0
008 731207s1969 ilu 000 0 eng
040 _aDO-SdBNP
_cDLC
_dDLC
082 _a242.2
_bC461r
110 1 _aChrist International
_93780
130 0 _aBible.
_pN.T.
_lEnglish.
_sLiving Bible.
_f1969.
_93781
245 1 0 _aReach out /
_cparafraseado, Kenneth N. Taylor.
250 _a24a imp.
260 _aWheaton :
_bTyndale House,
_c1969.
300 _a650 p. ;
_c20 cm.
650 4 _aLiteratura religiosa
_93200
650 4 _aLiteratura cristiana
_xOraciones
_93782
650 4 _aLiteratura cristiana
_xMeditaciones
_93783
700 1 _aTaylor, Kenneth Nathaniel
_93784
700 1 _aHillis, Don W.,
_ecomp.
_93785
910 _aCatalogación por copia / LC
999 _c1063
_d1063